000 00866nam a22002297a 4500
999 _c9445
_d9445
003 AR-CdUCM
008 190328b ||||| |||| 00| 0 spa d
040 _aMUNICIPALIDAD PROVINCIAL DEL CUSCO
_cBIBLIOTECA MUNICIPAL DEL CUSCO
082 _a335.5 /
_bM54
100 _aMiglioli, Guido
_925634
245 _aLa colectivización de los campos soviéticos /
260 _aBuenos Aires :
_bClaridad,
_c1934.
300 _a238 páginas ;
_c18 cm.
440 _aColección Claridad "Manuales de política agraria"
_925635
505 _aContenido : Los interrogantes de la colectivización -- Del muijk al koljoziano -- La gran conquista -- En el koljoz -- En torno al koljoz ...
650 _aCampos agrarios
_925636
650 _aColectivización
_94888
650 _aSoviéticos
_925637
700 _aMontaña, Leticia
_925638
942 _2ddc
_cLIBROS
945 _arah